000 00292nam a2200121Ia 4500
008 241028s9999 xx 000 0 und d
041 _aeng
082 _a330 MAN
100 _aMankiw/ Taylor
245 _aEconomics
260 _bCengage Learning India
_aDehli
_c2020
300 _a814;. P. 25 cm
999 _c43003
_d43003